Countries with Letter M - Statistics

General Stats
  • This quiz has been taken 2,640 times
  • The average score is 31 of 53
Answer Stats
Country % Correct
Mexico
81%
Mali
80%
Malta
79%
Monaco
79%
Moldova
78%
Montenegro
77%
Morocco
76%
Macedonia
74%
Malaysia
74%
Mauritania
74%
Mauritius
73%
Madagascar
71%
Mongolia
69%
Mozambique
69%
Malawi
68%
Germany
66%
Marshall Islands
66%
Maldives
64%
Myanmar
64%
Colombia
63%
United Kingdom
61%
Belgium
60%
Denmark
59%
Romania
59%
Micronesia
58%
Panama
58%
Suriname
58%
Dominican Republic
57%
Oman
57%
Dominica
56%
Luxembourg
56%
San Marino
55%
Yemen
55%
Cambodia
54%
Guatemala
54%
Jamaica
54%
Armenia
53%
Bahamas
51%
Samoa
51%
Namibia
50%
Somalia
50%
Vietnam
50%
Zambia
49%
Zimbabwe
49%
Gambia
48%
Solomon Islands
48%
United Arab Emirates
45%
Cameroon
44%
Turkmenistan
44%
Comoros
42%
DR Congo
42%
São Tomé and Príncipe
34%
East Timor
30%
No matching quizzes found
Score Distribution
Percent of People with Each Score
Percentile by Number Answered
Your Score History
You have not taken this quiz